| 000 | 01159nam a22002895i 4500 | ||
|---|---|---|---|
| 001 | 162776 | ||
| 003 | ES-MaACL | ||
| 005 | 20250812230641.0 | ||
| 008 | 040901s1836 fr af |||| | fre d | ||
| 040 |
_aCAM _bspa _cCAM |
||
| 100 | 1 |
_aQuenot, Henry. _9131509 |
|
| 245 | 1 | 0 |
_aEntretiens sur les animaux venimeux et sur les végétaux nuisibles / _cpar H. Quenot. |
| 260 |
_aParis ; _aStrasbourg : _bchez F.G. Levrault, _c1836. |
||
| 300 |
_a139, [1] p., [2] h. pleg., IV h. lám. ; _c14 cm. |
||
| 490 | 1 | _aMaitre Pierre ou Le savant de village | |
| 490 | 1 |
_aBibliothèque de l'instruction populaire ; _v31 |
|
| 598 | _aSegunda serie tomada de BN Opale-Plus. | ||
| 650 | 0 | 7 |
_aAnimales venenosos _2embne _9135570 |
| 650 | 0 | 4 |
_aPlantas venenosas. _9136711 |
| 650 | 0 | 4 |
_aSetas venenosas. _9136871 |
| 740 | 0 | 1 | _aMaitre Pierre ou Le savant de village. |
| 752 |
_aFrancia - _cEstrasburgo |
||
| 830 | 0 |
_aMaitre Pierre ou Le savant de village _9187710 |
|
| 830 | 0 |
_aBibliothèque de l'instruction populaire ; _v31 _9187711 |
|
| 852 |
_aES-MaACL _jD-5204(3) _z-- Enc. hol. _x-- Edic.: consta en el lomo : Instruction populaire |
||
| 999 |
_c162776 _d162776 |
||